Marvel Cinematic Universe: Members of the Illuminati by Picture - Statistics

General Stats
  • This quiz has been taken 46 times
  • The average score is 7 of 7
Answer Stats
Picture Answer % Correct
Charles Xavier
100%
Reed Richards
100%
Stephen Strange
100%
Blackagar Boltagon
92%
Margaret Carter
92%
Karl Mordo
89%
Maria Rambeau
89%
No matching quizzes found
Score Distribution
Percent of People with Each Score
Percentile by Number Answered
Your Score History
You have not taken this quiz